000 00828cam a2200265 4500
008 040506n2004 000 0 eng u
020 _a0007126301
035 _a(Sirsi) u126129
041 _aeng
041 _ager
050 _a433
_c18
100 _aTerrell, Peter
245 _aCollins German-English English-German dictionary
250 _a5th ed.
260 _aGlasgow
_bHarperCollins
_c2004
300 _axxvi, 2108p.
_c27cm.
350 _a21
520 _aThe latest edition of this German dictionary provides accurate and reliable coverage of contemporary vocabulary and usage and incorporates all the changes from the German spelling reform.
650 _aGERMAN
650 _aDICTIONARIES
700 _aSchnorr, Veronika
700 _aSmith, Wendy
700 _aBreitsprecher, Roland
942 _n0
999 _c103568
_d103568